000 00907nam a2200277 a 4500
001 000111719
003 CHAP
005 20220329144226.0
008 150722s2014 mx d |rm |0|||||spa d
010 _a108180
011 _a109152
040 _cCHAP
090 _aTesis
100 1 _aParedes Díaz, David
_9129650
245 1 0 _aComposición química y producción de gas in vitro de ensilados con diferentes proporciones de maíz (Zea mays) y morera (morus alba) /
_cpor David Paredes Díaz.
260 _aCocula, Gro. :
_bEl autor,
_c2014.
300 _a152 h. :
_bgráfs.
502 _aTesis (Ing. Agr. Zootecnista) -- CSAEGRO. Centro de Estudios Profesionales
590 _aE5652GLJ
_b05
_c20150722
_lUCH01
_h0857
650 1 4 _aEnsilaje.
_937102
650 1 4 _aGas
_xObtención y producción.
_947200
650 1 4 _aMaíz
_xComposición.
_970908
901 _aBK
942 _cTESIS
942 _n0
999 _c108180
_d108180